| 000 | 01556cam a22002894a 4500 | ||
|---|---|---|---|
| 001 | 12120951 | ||
| 005 | 20160711152531.0 | ||
| 008 | 000727s2000 vaua b 001 0 eng | ||
| 010 | _a 00010673 | ||
| 020 | _a0871203855 (alk. paper) | ||
| 040 |
_aDLC _cDLC _dDLC |
||
| 042 | _apcc | ||
| 050 | 0 | 0 |
_aLB1025.3 _b.M3374 2000 |
| 082 | 0 | 0 |
_a371.102 _221 |
| 100 | 1 |
_aMartin-Kniep, Giselle O., _d1956- |
|
| 245 | 1 | 0 |
_aBecoming a better teacher : _beight innovations that work / _cGiselle O. Martin-Kniep. |
| 260 |
_aAlexandria, Va. : _bAssociation for Supervision and Curriculum Development, _cc2000. |
||
| 300 |
_ax, 145 p. : _bill. ; _c25 cm. |
||
| 504 | _aIncludes bibliographical references (p. 140-141) and index. | ||
| 505 | 0 | _aThe power of essential questions -- Curriculum integration as a tool for coherence -- Standards-based curriculum and assessment design -- Authentic assessment -- Using scoring rubrics to support learning -- Portfolios : a window into students' thinking and learning -- Reflection : a key to developing greater self-understanding -- Action research : asking and answering questions about practice / by Diane Cunningham -- Embracing it all. | |
| 650 | 0 | _aEffective teaching. | |
| 650 | 0 | _aCurriculum planning. | |
| 650 | 0 | _aEducational tests and measurements. | |
| 906 |
_a7 _bcbc _corignew _d1 _eecip _f20 _gy-gencatlg |
||
| 942 |
_2lcc _cBOOKS _hLB 1025.3 .M3374 2000 |
||
| 999 |
_c11669 _d11669 |
||